Akosť a rozvoj anotácie referátov z 29. konferencie EOQC v Estorile 17.-21. júna 1985

Gespeichert in:
Bibliographische Detailangaben
Weitere Verfasser: Reháková, Helena
Format: Buch
Sprache:Slowakisch
Veröffentlicht: Bratislava Alfa 1986
Tags: Tag hinzufügen
Keine Tags, Fügen Sie das erste Tag hinzu!

MARC

LEADER 00000nam a2200000 4500
001 c104851
005 20230110080210.8
041 0 |a slo 
044 |a SK 
245 1 0 |a Akosť a rozvoj  |b anotácie referátov z 29. konferencie EOQC v Estorile 17.-21. júna 1985  |c Sprac. Helena Reháková 
264 1 |a Bratislava  |b Alfa  |c 1986 
300 |a 258 s. 
700 1 |a Reháková, Helena